banner-ar

عيون الروضتين فى اخبار الدولتين : (Record no. 37040)

MARC details
000 -الفاتح
حقل البيانات ثابتة الطول 01079nam a2200241Ia 4500
005 - وقت وتاريخ اخر تعامل مع التسجيلة
رقم الضبط 20240530103128.0
008 - عناصر البيانات ثابتة الطول - معلومات عامة
حقل البيانات ثابتة الطول 140319s1992 sy fr 001 0 ara d
040 ## - مصدر الفهرسة
وكالة الفهرسة الأصلية GCL /
وكالة النسخ GCL
082 04 - رقم تصنيف ديوى العشرى
رقم التصنيف 953.07393/
رقم المادة أ ع
100 1# - المدخل الرئيسى - إسم شخصى
الإسم الشخصى ابوشامة، شهاب الدين ابوالقاسم
245 10 - بيان العنوان
العنوان عيون الروضتين فى اخبار الدولتين :
بقية العنوان النورية والصلاحية .
رقم الجزء/قسم العمل القسم الثانى/
بيان المسئوليه,etc تاليف شهاب الدين عبدالرحمن بن اسماعيل المقدسى ؛ حققة احمد البسيومى
260 ## - PUBLICATION, DISTRIBUTION, ETC. (IMPRINT)
تاريخ النشر أو التوزيع 1992
300 ## - الوصف المادى
التعداد 374 ص ؛
أبعاد الوعاء 24 سم
490 0# - بيان السلسلة
عنوان السلسلة احياء التراث العربى ؛
رقم المجلد/ التعيين التسلسلي 90.
504 ## - تبصرة ببليوجرافية
تبصرة ببليوجرافية,الخ يشتمل على كشاف
650 07 - المدخل الاضافى بالموضوع-مصطلح موضوعى
مصدر الرأس أو المصطلح qrmak
مصطلح موضوعي الاحوال السياسية
650 07 - المدخل الاضافى بالموضوع-مصطلح موضوعى
مصدر الرأس أو المصطلح qrmak
مصطلح موضوعي الحروب الصليبية
التقسيم الفرعي العام مصر
650 07 - المدخل الاضافى بالموضوع-مصطلح موضوعى
مصدر الرأس أو المصطلح qrmak
مصطلح موضوعي الدولة الايوبية
التقسيم الفرعي الجغرافي مصر
650 07 - المدخل الاضافى بالموضوع-مصطلح موضوعى
مصدر الرأس أو المصطلح qrmak
مصطلح موضوعي الدولة الايوبية
التقسيم الفرعي الجغرافي الشام
700 0# - المدخل الاضافى - اسم شخصى
الإسم الشخصى احمد البيسومى
الدور تحقيق
942 ## - عناصر المدخل الإضافي( كوها)
مصدر التصنيف او مخطط الترفيف Dewey Decimal Classification
Koha [default] item type كتاب
260 ## - PUBLICATION, DISTRIBUTION, ETC. (IMPRINT)
-- دمشق :
-- وزارة الثقافة،
Holdings
حالة التراجع حالة الفقد حالة تلف ليس للاعارة المكان المؤقت الموقع الحالى تاريخ الاكتساب اجمالي اﻻعارات رقم الطلب الباركود تاريخ اخر مشاهدة تاريخ تفعيل السعر نوع وعاء كوها
        مكتبة القاهرة الكبرى مكتبة القاهرة الكبرى 03/26/2014   953.07393/أ ع 90086 03/26/2014 03/26/2014 كتاب
        مكتبة القاهرة الكبرى مكتبة القاهرة الكبرى 03/26/2014   953.07393/أ ع 90087 03/26/2014 03/26/2014 كتاب
        مكتبة القاهرة الكبرى مكتبة القاهرة الكبرى 03/26/2014   953.07393/أ ع 90088 03/26/2014 03/26/2014 كتاب
        مكتبة القاهرة الكبرى مكتبة القاهرة الكبرى 03/26/2014   953.07393/أ ع 90089 03/26/2014 03/26/2014 كتاب
        مكتبة القاهرة الكبرى مكتبة القاهرة الكبرى 03/26/2014   953.07393/أ ع 90090 03/26/2014 03/26/2014 كتاب
        مكتبة القاهرة الكبرى مكتبة القاهرة الكبرى 03/26/2014   953.07393/أ ع 90091 03/26/2014 03/26/2014 كتاب
        مكتبة القاهرة الكبرى مكتبة القاهرة الكبرى 03/26/2014   953.07393/أ ع 90092 03/26/2014 03/26/2014 كتاب
        مكتبة القاهرة الكبرى مكتبة القاهرة الكبرى 03/26/2014   953.07393/أ ع 90093 03/26/2014 03/26/2014 كتاب
        مكتبة القاهرة الكبرى مكتبة القاهرة الكبرى 03/26/2014   953.07393/أ ع 90094 03/26/2014 03/26/2014 كتاب

Powered By

EGPV